00545nam a22001937a 450000500170000000800410001704000070005804100120006508200220007710000240009924500540012326000410017730000260021844000300024465000160027465000140029065000210030470000260032520220704120616.0220704b ||||| |||| 00| 0 eng d cAL aEnglish 223a324.954bINDG aGovernment of India aGeneral Elections 2004:Elections present and past aNew DelhibGovernment of Indiac2004 a144 p.bPBc21x13 cm. aReference hand book Vol 1 aA Data Base aElections aPresent and Past aINDIA (Government of)